<?xml version="1.0" encoding="UTF-8"?>
<record
    xmlns:xsi="http://www.w3.org/2001/XMLSchema-instance"
    xsi:schemaLocation="http://www.loc.gov/MARC21/slim http://www.loc.gov/standards/marcxml/schema/MARC21slim.xsd"
    xmlns="http://www.loc.gov/MARC21/slim">

  <leader>01964nam a2200253Ia 4500</leader>
  <controlfield tag="003">OSt</controlfield>
  <controlfield tag="005">20251115112503.0</controlfield>
  <controlfield tag="008">210210b2017   xxu||||| |||| 00| 0 eng d</controlfield>
  <datafield tag="020" ind1=" " ind2=" ">
    <subfield code="a">9788184677270</subfield>
  </datafield>
  <datafield tag="040" ind1=" " ind2=" ">
    <subfield code="c">AL</subfield>
  </datafield>
  <datafield tag="041" ind1=" " ind2=" ">
    <subfield code="a">Kannada</subfield>
  </datafield>
  <datafield tag="082" ind1=" " ind2=" ">
    <subfield code="a">K894.9 ASHB</subfield>
  </datafield>
  <datafield tag="100" ind1=" " ind2=" ">
    <subfield code="a">ASHOKA (T P)</subfield>
    <subfield code="9">143404</subfield>
    <subfield code="d">&#xC85;&#xCB6;&#xCCB;&#xC95; (&#xC9F;&#xCBF; &#xCAA;&#xCBF;)</subfield>
  </datafield>
  <datafield tag="245" ind1=" " ind2=" ">
    <subfield code="a">Boluvaru mohammad kunhi</subfield>
    <subfield code="b">&#xCAC;&#xCCA;&#xCB3;&#xCC1;&#xCB5;&#xCBE;&#xCB0;&#xCC1; &#xCAE;&#xCB9;&#xCAE;&#xCA6;&#xCCD; &#xC95;&#xCC1;&#xC82;&#xC9E;&#xCCD;</subfield>
  </datafield>
  <datafield tag="260" ind1=" " ind2=" ">
    <subfield code="a">Bengaluru</subfield>
    <subfield code="b">Navakaranataka Prakashana</subfield>
    <subfield code="c">2017</subfield>
  </datafield>
  <datafield tag="300" ind1=" " ind2=" ">
    <subfield code="a">108</subfield>
  </datafield>
  <datafield tag="520" ind1=" " ind2=" ">
    <subfield code="a">&#xC95;&#xCC7;&#xC82;&#xCA6;&#xCCD;&#xCB0; &#xCB8;&#xCBE;&#xCB9;&#xCBF;&#xCA4;&#xCCD;&#xCAF; &#xC85;&#xC95;&#xCBE;&#xCA1;&#xCC6;&#xCAE;&#xCBF;&#xCAF; &#xC87;&#xCA4;&#xCBF;&#xCB9;&#xCBE;&#xCB8;&#xCA6;&#xCB2;&#xCCD;&#xCB2;&#xCBF; &#xCA4;&#xCAE;&#xCCD;&#xCAE; &#xCB8;&#xCC3;&#xC9C;&#xCA8;&#xCB6;&#xCC0;&#xCB2; &#xC97;&#xCA6;&#xCCD;&#xCAF; &#xCB8;&#xCBE;&#xCB9;&#xCBF;&#xCA4;&#xCCD;&#xCAF; &#xC95;&#xCC3;&#xCA4;&#xCBF;&#xC97;&#xCB3;&#xCBF;&#xC97;&#xCBE;&#xC97;&#xCBF; &#xC8E;&#xCB0;&#xCA1;&#xCC1; &#xCAC;&#xCBE;&#xCB0;&#xCBF; &#xCAA;&#xCCD;&#xCB0;&#xCB6;&#xCB8;&#xCCD;&#xCA4;&#xCBF; &#xCAA;&#xCA1;&#xCC6;&#xCA6;&#xCBF;&#xCB0;&#xCC1;&#xCB5; &#xCA6;&#xCC7;&#xCB6;&#xCA6; &#xC8F;&#xC95;&#xCC8;&#xC95; &#xCB8;&#xCBE;&#xCB9;&#xCBF;&#xCA4;&#xCBF; '&#xCAC;&#xCCA;&#xCB3;&#xCC1;&#xCB5;&#xCBE;&#xCB0;&#xCC1; &#xCAE;&#xCB9;&#xCAE;&#xCA6;&#xCCD; &#xC95;&#xCC1;&#xC82;&#xC9E;'. &#xC95;&#xCA8;&#xCCD;&#xCA8;&#xCA1;&#xCA6; &#xCAE;&#xC95;&#xCCD;&#xC95;&#xCB3; &#xCB8;&#xCBE;&#xCB9;&#xCBF;&#xCA4;&#xCCD;&#xCAF;&#xC95;&#xCCD;&#xC95;&#xCC6; &#xC95;&#xCC7;&#xC82;&#xCA6;&#xCCD;&#xCB0; &#xCB8;&#xCBE;&#xCB9;&#xCBF;&#xCA4;&#xCCD;&#xCAF; &#xC85;&#xC95;&#xCBE;&#xCA1;&#xCC6;&#xCAE;&#xCBF;&#xCAF;&#xCBF;&#xC82;&#xCA6; &#xCAA;&#xCCD;&#xCB0;&#xCB6;&#xCB8;&#xCCD;&#xCA4;&#xCBF; &#xCA4;&#xC82;&#xCA6;&#xCBF;&#xCA4;&#xCCD;&#xCA4; &#xCAE;&#xCCA;&#xCA6;&#xCB2;&#xCBF;&#xC97;&#xCB0;&#xCC2; &#xC87;&#xCB5;&#xCB0;&#xCC7;. &#xCAE;&#xCBE;&#xCA4;&#xCCD;&#xCB0;&#xCB5;&#xCB2;&#xCCD;&#xCB2;, &#xC95;&#xCA8;&#xCCD;&#xCA8;&#xCA1;&#xCA6; &#xCB8;&#xCC3;&#xC9C;&#xCA8;&#xCB6;&#xCC0;&#xCB2; &#xC97;&#xCA6;&#xCCD;&#xCAF; &#xCB8;&#xCBE;&#xCB9;&#xCBF;&#xCA4;&#xCCD;&#xCAF;&#xC95;&#xCCD;&#xC95;&#xCC6; '&#xCAE;&#xCC1;&#xCB8;&#xCCD;&#xCB2;&#xCBF;&#xCAE;&#xCCD; &#xCAC;&#xCA6;&#xCC1;&#xC95;&#xCA8;&#xCCD;&#xCA8;&#xCC1;' &#xCAA;&#xCB0;&#xCBF;&#xC9A;&#xCAF;&#xCBF;&#xCB8;&#xCBF;&#xCA6; &#xCAE;&#xCCA;&#xCA4;&#xCCD;&#xCA4;&#xCAE;&#xCCA;&#xCA6;&#xCB2;&#xCBF;&#xC97;&#xCB0;&#xCC2; &#xC87;&#xCB5;&#xCB0;&#xCC7;. &#xC87;&#xCB5;&#xCB0; &#xCAE;&#xCCA;&#xCA4;&#xCCD;&#xCA4;&#xCAE;&#xCCA;&#xCA6;&#xCB2; &#xC95;&#xCA4;&#xCC6;&#xCAF;&#xCBF;&#xC82;&#xCA6;&#xCB2;&#xCC2; &#xCAC;&#xCB2;&#xCC1; &#xCB9;&#xCA4;&#xCCD;&#xCA4;&#xCBF;&#xCB0;&#xCA6;&#xCBF;&#xC82;&#xCA6; &#xC97;&#xCAE;&#xCA8;&#xCBF;&#xCB8;&#xCC1;&#xCA4;&#xCCD;&#xCA4;&#xCBE;, &#xCAC;&#xCC6;&#xCA8;&#xCCD;&#xCA8;&#xCC1;&#xCA4;&#xC9F;&#xCCD;&#xC9F;&#xCC1;&#xCA4;&#xCCD;&#xCA4;&#xCBE; &#xCAC;&#xC82;&#xCA6;&#xCBF;&#xCB0;&#xCC1;&#xCB5; &#xC9F;&#xCBF;. &#xCAA;&#xCBF;. &#xC85;&#xCB6;&#xCCB;&#xC95; &#xC85;&#xCB5;&#xCB0;&#xCC1;, &#xC85;&#xCB7;&#xCCD;&#xC9F;&#xCC7; &#xC86;&#xCB8;&#xCCD;&#xCA4;&#xCC6;&#xCAF;&#xCBF;&#xC82;&#xCA6; &#xCAC;&#xCCA;&#xCB3;&#xCC1;&#xCB5;&#xCBE;&#xCB0;&#xCC1; &#xC85;&#xCB5;&#xCB0;&#xCA8;&#xCCD;&#xCA8;&#xCC1; &#xC87;&#xCB2;&#xCCD;&#xCB2;&#xCBF; &#xCAA;&#xCB0;&#xCBF;&#xC9A;&#xCAF;&#xCBF;&#xCB8;&#xCBF;&#xCA6;&#xCCD;&#xCA6;&#xCBE;&#xCB0;&#xCC6;.</subfield>
  </datafield>
  <datafield tag="650" ind1=" " ind2=" ">
    <subfield code="a">mohammad</subfield>
    <subfield code="9">143405</subfield>
  </datafield>
  <datafield tag="650" ind1=" " ind2=" ">
    <subfield code="a">kunhi</subfield>
    <subfield code="9">143406</subfield>
  </datafield>
  <datafield tag="650" ind1=" " ind2=" ">
    <subfield code="a">Boluvaru</subfield>
    <subfield code="9">143407</subfield>
  </datafield>
  <datafield tag="690" ind1=" " ind2=" ">
    <subfield code="a">Kannada Criticism</subfield>
    <subfield code="9">143408</subfield>
  </datafield>
  <datafield tag="906" ind1=" " ind2=" ">
    <subfield code="a">072369</subfield>
  </datafield>
  <datafield tag="942" ind1=" " ind2=" ">
    <subfield code="2">ddc</subfield>
    <subfield code="c">BK</subfield>
  </datafield>
  <datafield tag="999" ind1=" " ind2=" ">
    <subfield code="c">124264</subfield>
    <subfield code="d">124264</subfield>
  </datafield>
  <datafield tag="952" ind1=" " ind2=" ">
    <subfield code="0">0</subfield>
    <subfield code="1">0</subfield>
    <subfield code="2">ddc</subfield>
    <subfield code="4">0</subfield>
    <subfield code="7">0</subfield>
    <subfield code="8">KAN</subfield>
    <subfield code="a">AL</subfield>
    <subfield code="b">AL</subfield>
    <subfield code="d">2021-02-17</subfield>
    <subfield code="e">Navakarnataka Publication Pvt Ltd Mangalore</subfield>
    <subfield code="g">80.00</subfield>
    <subfield code="l">0</subfield>
    <subfield code="o">K894.9 ASHB</subfield>
    <subfield code="p">072369</subfield>
    <subfield code="r">2021-02-17 00:00:00</subfield>
    <subfield code="w">2021-02-17</subfield>
    <subfield code="y">BK</subfield>
  </datafield>
</record>
